<?xml version="1.0" encoding="UTF-8"?>
<record
    xmlns:xsi="http://www.w3.org/2001/XMLSchema-instance"
    xsi:schemaLocation="http://www.loc.gov/MARC21/slim http://www.loc.gov/standards/marcxml/schema/MARC21slim.xsd"
    xmlns="http://www.loc.gov/MARC21/slim">

  <leader>01043nam a22002177a 4500</leader>
  <controlfield tag="001">568794</controlfield>
  <controlfield tag="003">Konya_Okul_K&#xFC;t&#xFC;phaneleri</controlfield>
  <controlfield tag="005">20250528175134.0</controlfield>
  <controlfield tag="008">250528b        |||||||| |||| 00| 0 eng d</controlfield>
  <datafield tag="020" ind1=" " ind2=" ">
    <subfield code="a">9786059492560</subfield>
  </datafield>
  <datafield tag="040" ind1=" " ind2=" ">
    <subfield code="b">tur</subfield>
    <subfield code="c">Bo&#x11F;azi&#xE7;i &#xDC;niversitesi</subfield>
    <subfield code="e">RDA</subfield>
  </datafield>
  <datafield tag="050" ind1=" " ind2=" ">
    <subfield code="a">DR721 .D3819 2018</subfield>
  </datafield>
  <datafield tag="100" ind1=" " ind2=" ">
    <subfield code="a">Datcheff, Peter. Author.</subfield>
  </datafield>
  <datafield tag="245" ind1=" " ind2=" ">
    <subfield code="a">Bilinmeyen &#x130;stanbul : bir Bulgar seyyah&#x131;n g&#xF6;z&#xFC;yle  TEST</subfield>
  </datafield>
  <datafield tag="260" ind1=" " ind2=" ">
    <subfield code="a">&#x130;stanbul B&#xFC;y&#xFC;k&#x15F;ehir Belediyesi K&#xFC;lt&#xFC;r A.&#x15E;. Yay&#x131;nlar&#x131;.</subfield>
  </datafield>
  <datafield tag="300" ind1=" " ind2=" ">
    <subfield code="a">159 pages : illustrations ; 21 cm.</subfield>
  </datafield>
  <datafield tag="520" ind1=" " ind2=" ">
    <subfield code="a">19.y&#xFC;zy&#x131;lda ister diplomatik bir g&#xF6;revle, ister kendi hesab&#x131;na do&#x11F;uya  seyahat eden gezginler bize, bat&#x131;l&#x131;lar&#x131;n zihniyetini yans&#x131;tan ve d&#xF6;nemin bir&#xE7;ok bak&#x131;mdan anla&#x15F;&#x131;lmas&#x131;n&#x131; sa&#x11F;layan &#xF6;nemli malzemeler b&#x131;rakm&#x131;&#x15F;lard&#x131;r.
</subfield>
  </datafield>
  <datafield tag="650" ind1=" " ind2=" ">
    <subfield code="2">&#x130;stanbul (Turkey)  </subfield>
    <subfield code="a"> History. &#x130;stanbul (Turkey</subfield>
    <subfield code="v">Description and travel.</subfield>
  </datafield>
  <datafield tag="700" ind1=" " ind2=" ">
    <subfield code="a">Mevsim, H&#xFC;seyin. Translator. Kaptaner, Kemal. Publishing director. Dalgal&#x131;, Fatih. Editor.</subfield>
  </datafield>
  <datafield tag="942" ind1=" " ind2=" ">
    <subfield code="2">lcc</subfield>
    <subfield code="c">BK</subfield>
    <subfield code="n">0</subfield>
  </datafield>
  <datafield tag="999" ind1=" " ind2=" ">
    <subfield code="c">568794</subfield>
    <subfield code="d">568794</subfield>
  </datafield>
  <datafield tag="952" ind1=" " ind2=" ">
    <subfield code="0">0</subfield>
    <subfield code="1">0</subfield>
    <subfield code="2">ddc</subfield>
    <subfield code="4">0</subfield>
    <subfield code="7">0</subfield>
    <subfield code="a">GMN</subfield>
    <subfield code="b">GMN</subfield>
    <subfield code="d">2025-05-28</subfield>
    <subfield code="l">0</subfield>
    <subfield code="r">2025-05-28 16:54:55</subfield>
    <subfield code="w">2025-05-28</subfield>
    <subfield code="y">BK</subfield>
  </datafield>
</record>
